000 02565nam a22003857a 4500
001 104707
003 KnowledgeUnlatched
005 20210303104928.0
006 m o d
007 cr u||||||||||
008 210129p20182020xx o u00| u eng d
037 _5BiblioBoard
245 0 0 _aInternational Humanitarian Law in Areas of Limited Statehood
_bAdaptable and Legitimate or Rigid and Unreasonable? /
_cAnton O. Petrov, Linus Mührel, Björnstjern Baade.
020 _a9783845289557
024 8 _ahttps://doi.org/10.5771/9783845289557
029 1 _ahttps://library.biblioboard.com/ext/api/media/5934099c-b189-4c6e-8923-26520cccaa03/assets/thumbnail.jpg
040 _aScCtBLL
_cScCtBLL
506 0 _aAccess copy available to the general public.
_fUnrestricted
_2star
700 1 _aPetrov, Anton O.
_eeditor.
700 1 _aMührel, Linus
_eeditor.
700 1 _aBaade, Björnstjern
_eeditor.
264 1 _bNomos Verlagsgesellschaft mbH & Co. KG,
300 _a1 online resource (1 p.)
520 _aAreas of limited statehood, in which the territorial State lacks effective control, either completely or in part, challenge International Humanitarian Law in various ways. This volume explores if and how the law adapts to these challenges on the basis of mainly two legal issues: detention and investment protection in (non-)international armed conflict. Does a sufficient legal basis exist for the former? Is it International Humanitarian Law that determines what the investor is owed under a 'full protection and security' standard? More fundamentally, the contributions strive to shed light on these practical legal issues in a manner that is also historically and theoretically informed. How can international law be effective in areas of limited statehood, in particular as regards non-State actors? Can the law provide incentives for compliance? Is it in need of being developed? If so, who enjoys the legitimacy to do so?
588 0 _aDescription based on print version record.
590 _aKU Select 2019: HSS Backlist Books
650 7 _aLaw / International
_2bisacsh
650 0 _aLaw
655 0 _aElectronic books.
758 _iIs found in:
_aKnowledge Unlatched
_1https://openresearchlibrary.org/module/2774bc74-146a-484f-a7ba-ab1d6a09bbfb
856 4 0 _uhttps://openresearchlibrary.org/content/5934099c-b189-4c6e-8923-26520cccaa03
_zView this content on Open Research Library.
_70
999 _c32996
_d32996